logo

Bir Sreshtho Munshi Abdur Rouf Library
Jhenaidah Cadet College

রাজা রামমোহন / (Record no. 9034)

MARC details
000 -LEADER
fixed length control field 00605nam a2200217 a 4500
001 - CONTROL NUMBER
JCCL Control Number 9034
003 - CONTROL NUMBER IDENTIFIER
JCCL marc code BD-JhCC
005 - DATE AND TIME OF LATEST TRANSACTION
control field 20180307183501.0
008 - FIXED-LENGTH DATA ELEMENTS--GENERAL INFORMATION
fixed length control field 180307s1973 |||| ||a| 000 0 d
035 ## - SYSTEM CONTROL NUMBER
system control number (BD-JhCC)9034
040 ## - CATALOGING SOURCE
Original cataloging agency BD-JhCC
Modifying agency BD-JhCC
041 ## - LANGUAGE CODE
Language code of Book ben
082 ## - DEWEY DECIMAL CLASSIFICATION NUMBER
Classification number 923.1
Author mark and Year DAS 1973
100 ## - MAIN ENTRY--PERSONAL NAME
Personal name দাস, ঋষি।
245 ## - TITLE STATEMENT
Title রাজা রামমোহন /
Statement of responsibility, etc ঋষি দাস।
260 ## - PUBLICATION, DISTRIBUTION, ETC. (IMPRINT)
Place of publication, distribution, etc কলিকাতা :
Name of publisher, distributor, etc অশোক পুস্তকালয় ;
Date of publication, distribution, etc 1973.
300 ## - PHYSICAL DESCRIPTION
Pagination 271 p. :
Dimensions 22 cm.
651 ## - SUBJECT ADDED ENTRY--GEOGRAPHIC NAME
Geographic name Biography.
942 ## - ADDED ENTRY ELEMENTS (KOHA)
Source of classification or shelving scheme Library of Congress Classification
Koha item type Books
Holdings
Source of classification or shelving scheme Damaged status Not for loan Home library Current library Shelving location Date of accession Cost, normal purchase price Total Checkouts Full call number Barcode Date last seen Copy number Koha item type
Dewey Decimal Classification     JCC Rouf Library JCC Rouf Library General Stacks 03/07/2018 12.00   923.1 DAS 1973 11947 03/07/2018 C-1 Books

JCC Library | Contacts | JCC Home

Last Update on 23 September 2017
Copyright @ 2017-2020 JCC Rouf Library
Rouf Library, Jhenidah Cadet College (JCC), Bangladesh